000 00925nam a2200265Ia 4500
999 _c44661
_d44661
003 GCL
005 20240530104115.0
008 140319s9999 xx 000 0 ara d
040 _aGCL /
_cGCL
082 0 4 _a247.9
_bم أ
100 1 _aمحمد امين ابوجوهر
245 1 0 _aالاسماعيليون بين الاعتزال والتشيع /
_cمحمد امين ابوجوهر .
250 _aالاولى
260 _aبيروت :
_bدار التنوير للطباعة والنشر ،
_c2004
300 _a152 ص ؛
_c24 سم
650 0 4 _aالخوارج
650 0 4 _aالدولة العباسية
650 0 4 _aالفرق الاسلامية
650 0 4 _aالشيعة
650 0 4 _aالاسماعيلية
650 0 4 _aالاخوان المسلمون
650 0 4 _aالدولة الاموية (661م - 750م)
650 0 4 _aالاسلام - تاريخ - عصر النبوة
942 _2ddc
_cBK